[Event "EU-chT"]
[Site "Haifa"]
[Date "1989.??.??"]
[Round "7"]
[White "Ninov, Kiril"]
[Black "Wessman, Richard"]
[Result "0-1"]
[WhiteElo "2460"]
[BlackElo "2370"]

1.Nf3 Nf6 2.g3 g6 3.Bg2 Bg7 4.c4 O-O 5.d4 d6 6.O-O Nbd7 7.Nc3 e5 8.h3 h6
9.e4 Nh7 10.Be3 Ng5 11.Nxg5 hxg5 12.d5 f5 13.exf5 gxf5 14.Qh5 g4 15.Bg5 Nf6
16.Bxf6 Rxf6 17.Qg5 gxh3 18.Bxh3 Qe8 19.Kg2 Rg6 20.Qd2 Qf7 21.Rh1 Bd7 22.Rag1 a6
23.a4 c6 24.a5 Rf8 25.Rh2 f4 26.Qd3 fxg3 27.fxg3 Rh6 28.Ne4 cxd5 29.Qxd5 Bc6
30.Qxf7+ Kxf7 31.Re1 Rfh8 32.g4 Bf6 33.Rhh1 Ke7 34.b4 Bh4 35.Re2 Bg5 36.Kg3 Bf4+
37.Kg2 Rh4 38.Ree1 Bd2 39.Re2 Bxb4 40.Kg3 Bxa5 41.Rhh2 Bb4 42.Ng5 R4h6 43.Rhf2 Rg6
44.Ne4 Bd7 45.Re3 Rhg8 46.g5 Bc5 47.Nxc5 Rxg5+ 48.Kh2 dxc5 49.Ref3 R8g7 50.Rb2 Bxh3
51.Rxh3 Kd6  0-1

[Event "Illinois"]
[Site "Illinois"]
[Date "1989.??.??"]
[Round "?"]
[White "Chachere, Lawrence"]
[Black "Colias, Billy"]
[Result "0-1"]
[WhiteElo "2310"]
[BlackElo "2230"]

1.c4 Nf6 2.g3 g6 3.Bg2 Bg7 4.Nf3 O-O 5.O-O d6 6.Nc3 Nc6 7.Rb1 a5 8.a3 e5
9.d3 h6 10.b4 axb4 11.axb4 Be6 12.b5 Ne7 13.Bb2 Qd7 14.Ra1 Rab8 15.Qb3 b6
16.Rfc1 Kh8 17.Ra7 Nc8 18.Ra3 Ne7 19.Rca1 Bh3 20.Ra7 Bxg2 21.Kxg2 Ne8 22.Ne1 f5
23.Nc2 f4 24.f3 h5 25.Nb4 g5 26.Nbd5 Nxd5 27.Nxd5 Rf7 28.Qd1 Qe6 29.e3 fxe3
30.Qe2 Kg8 31.Qxe3 e4 32.Bxg7 exf3+ 33.Kf2 Qh3 34.Qxg5 Qg2+ 35.Ke3 Nxg7 36.Ra8 Qe2+
37.Kd4 Qb2+ 38.Ke4 Qe2+ 39.Kd4 Kh7 40.Rxb8 Ne6+ 41.Kc3 Nxg5 42.Raa8 Qe5+  0-1

[Event "JUG-ch"]
[Site "?"]
[Date "1989.??.??"]
[Round "?"]
[White "Drasko, Milan"]
[Black "Popovic, Petar"]
[Result "1-0"]
[WhiteElo "2505"]
[BlackElo "2535"]

1.Nf3 Nf6 2.c4 g6 3.g3 Bg7 4.Bg2 O-O 5.O-O d5 6.cxd5 Nxd5 7.d4 Nb6 8.Nc3 Nc6
9.e3 e5 10.d5 Ne7 11.e4 Bg4 12.h3 Bxf3 13.Qxf3 c6 14.Rd1 cxd5 15.Nxd5 Nbxd5
16.exd5 Qd6 17.Bd2 Nf5 18.Rac1 Rfd8 19.Kh2 h5 20.Qb3 Rd7 21.Bb4 Qb6 22.Qa4 Qd8
23.d6 a5 24.Rc7 Rxc7 25.dxc7 Qxc7 26.Rd7 Qc4 27.Rxb7 e4 28.b3 Qc8 29.Bxe4 axb4
30.Qxb4 Bf8 31.Qb6 Rxa2 32.Bd5 Bd6 33.Rxf7 Kh8 34.Bg2 Rxf2 35.Rxf5 Qxf5 36.Qxd6 Qe4
37.Qb8+ Kh7 38.Qa7+ Kh6 39.Qxf2  1-0

[Event "JUG-ch"]
[Site "?"]
[Date "1989.??.??"]
[Round "?"]
[White "Drasko, Milan"]
[Black "Barlov, Dragan"]
[Result "1/2-1/2"]
[WhiteElo "2505"]
[BlackElo "2490"]

1.Nf3 Nf6 2.c4 g6 3.g3 Bg7 4.Bg2 O-O 5.O-O d6 6.d4 Nbd7 7.Nc3 e5 8.e4 h6
9.Qc2 Nh7 10.d5 a6 11.Be3 f5 12.Qc1 f4 13.gxf4 exf4 14.Bxf4 g5 15.Be3 g4
16.Nd4 Ne5 17.f4 gxf3 18.Nxf3 Nxf3+ 19.Rxf3 Rxf3 20.Bxf3 Ng5 21.Bg2 Qf6 22.Kh1 Bg4
23.Qe1 Bf3 24.Qg3 Re8 25.Rf1 Bxg2+ 26.Qxg2 Qg6 27.h4 Bxc3 28.bxc3 Qxe4 29.hxg5 Qxg2+
30.Kxg2 Rxe3 31.gxh6 Rxc3 32.h7+ Kxh7 33.Rf7+ Kg6 34.Rxc7 Kf5 35.Rxb7 Ke5
36.Re7+ Kd4 37.Rd7 Ke5 38.Re7+ Kd4 39.Rd7 Rxc4 40.Rxd6 Ra4 41.Rd8  1/2-1/2

[Event "Karvina op"]
[Site "Karvina"]
[Date "1989.??.??"]
[Round "5"]
[White "Znamenacek, Kvetoslav"]
[Black "Firt, Stanislav"]
[Result "1/2-1/2"]
[WhiteElo "2350"]
[BlackElo "2355"]

1.Nf3 Nf6 2.c4 g6 3.g3 Bg7 4.Bg2 O-O 5.O-O d6 6.d4 Nbd7 7.Qc2 e5 8.Rd1 Qe7
9.Nc3 c6 10.b3 exd4 11.Nxd4 Nc5 12.Bf4 Ne8 13.Qd2 Ne6 14.Nxe6 Bxe6 15.Rac1 Rd8
16.Qe3 Nf6 17.Qxa7 Nh5 18.Qe3 Nxf4 19.gxf4 Rfe8 20.Rd2 h5 21.Bh3 Qh4 22.Bxe6 Rxe6
23.Qg3 Qe7 24.e3 h4 25.Qf3 Bxc3 26.Rxc3 f5 27.Rcd3 Qf6 28.h3 Kf7 29.Rd4 Rde8
30.Kf1 R8e7 31.Qd1 Rd7 32.b4 Qd8 33.a3 Ke7 34.Qc2 Qa8 35.Qd3 b6 36.Qc2 Qb8
37.Qb2 Qd8 38.Qb3 Qa8 39.Kg1 Ke8 40.R2d3 Kf7 41.c5 d5 42.cxb6 Qa6 43.b5 Qxb6
44.a4 Red6 45.bxc6 Qxb3 46.Rxb3 Rxc6 47.Rb5 Rc1+ 48.Kg2 Ra1 49.a5 Ke6 50.Rb6+ Rd6
51.Rdb4 Rxa5 52.Rxd6+ Kxd6 53.Rb6+ Ke7 54.Rxg6 d4 55.exd4 Rd5 56.Rh6 Rxd4
57.Rxh4 Kf6 58.Rh6+ Kg7 59.Rh4 Kg6 60.Rh8 Rxf4 61.Kg3 Ra4 62.Rh4 Ra3+ 63.f3 Ra1
64.Rb4 Rg1+ 65.Kf4 Rh1 66.Rb6+ Kg7 67.Kg3 Rg1+ 68.Kf2 Rh1 69.Kg2 Ra1 70.Kg3 Rg1+
71.Kf2 Rh1 72.Kg2 Ra1 73.h4 Ra4 74.Kg3 Rc4 75.Ra6 Rb4 76.h5 Rc4 77.Rg6+ Kf7
78.Rd6 Kg7 79.Re6 Ra4 80.Rb6 Rc4 81.Kh3 Rc3 82.Kg3 Rc4 83.f4 Rc5 84.Rg6+ Kf7
85.Rg5 Kf6 86.Rg8 Kf7 87.Rh8 Kg7 88.Rb8 Kf6 89.Rb7 Rc4 90.h6 Kg6 91.Rb6+ Kh7
92.Rf6 Ra4 93.Rxf5 Kxh6 94.Rg5 Ra6  1/2-1/2

[Event "Leningrad"]
[Site "Leningrad"]
[Date "1989.??.??"]
[Round "?"]
[White "Kirov, Nino"]
[Black "Yuneev, Alexey"]
[Result "1/2-1/2"]
[WhiteElo "2470"]
[BlackElo "2345"]

1.Nf3 Nf6 2.g3 g6 3.c4 Bg7 4.Bg2 O-O 5.O-O d6 6.d4 Nbd7 7.Nc3 e5 8.e4 c6
9.h3 Qb6 10.c5 dxc5 11.dxe5 Ne8 12.Na4 Qc7 13.Bf4 Nxe5 14.Nxc5 Nxf3+ 15.Qxf3 Qe7
16.Na4 Nc7 17.Rfd1  1/2-1/2

[Event "Leningrad-chT"]
[Site "Leningrad"]
[Date "1989.??.??"]
[Round "?"]
[White "Kharitonov, Andrei Y"]
[Black "Timoshchenko, Gennadi A"]
[Result "1-0"]
[WhiteElo "2505"]
[BlackElo "2500"]

1.Nf3 Nf6 2.c4 g6 3.g3 Bg7 4.Bg2 O-O 5.O-O d5 6.cxd5 Nxd5 7.d4 Nb6 8.Nc3 Nc6
9.d5 Na5 10.e4 c6 11.Re1 Bg4 12.h3 Bxf3 13.Qxf3 Rc8 14.Bf4 Nac4 15.b3 Ne5
16.Qe3 cxd5 17.Nxd5 Nbd7 18.Rac1 Rxc1 19.Rxc1 e6 20.Rc8 Qa5 21.Qd2 Qa3 22.Rxf8+ Nxf8
23.Nc7 Qe7 24.Nb5 Qc5 25.Nd6 Qc6 26.Be3 b6 27.f4 Ned7 28.e5 Qc7 29.Nb5 Qb8
30.Qd6 a6 31.Qxb8 Nxb8 32.Nc7 Nfd7 33.Bb7 a5 34.Na8 b5 35.Nb6 Nxb6 36.Bxb6 a4
37.bxa4 bxa4 38.Ba7 Nd7 39.Bc6 Nf8 40.Bxa4 f6 41.Bb8 fxe5 42.fxe5 g5 43.Be8  1-0

[Event "Leningrad"]
[Site "Leningrad"]
[Date "1989.??.??"]
[Round "?"]
[White "Kirov, Nino"]
[Black "Kochyev, Alexander"]
[Result "1/2-1/2"]
[WhiteElo "2470"]
[BlackElo "2475"]

1.Nf3 Nf6 2.g3 g6 3.Bg2 Bg7 4.c4 O-O 5.O-O d6 6.d4 Nbd7 7.Nc3 e5 8.e4 a6
9.b3 b5 10.dxe5 dxe5 11.cxb5 axb5 12.Qc2 c6  1/2-1/2

[Event "London NWYM"]
[Site "London"]
[Date "1989.??.??"]
[Round "?"]
[White "McNab, Colin Anderson"]
[Black "Hebden, Mark"]
[Result "1/2-1/2"]
[WhiteElo "2435"]
[BlackElo "2455"]

1.c4 g6 2.g3 Bg7 3.Bg2 Nf6 4.Nf3 O-O 5.O-O d6 6.Nc3 Nc6 7.Rb1 Bf5 8.d3 Qd7
9.b4 Bh3 10.Nd5 Bxg2 11.Nxf6+ Bxf6 12.Kxg2 Bg7 13.b5 Nd8 14.d4 a6 15.a4 axb5
16.axb5 d5 17.Qb3 c6 18.Be3 Qf5 19.bxc6 bxc6 20.Ra1 dxc4 21.Qxc4 Rxa1 22.Rxa1 c5
23.Rd1  1/2-1/2

[Event "Lugano op"]
[Site "Lugano"]
[Date "1989.??.??"]
[Round "2"]
[White "Reschke, Stefan"]
[Black "Stull, Norbert"]
[Result "1-0"]
[WhiteElo "2330"]
[BlackElo "2230"]

1.c4 Nf6 2.Nf3 g6 3.g3 Bg7 4.Bg2 O-O 5.O-O d6 6.Nc3 Nc6 7.Rb1 a5 8.a3 e5
9.b4 axb4 10.axb4 Bf5 11.d3 Qd7 12.b5 Nd4 13.Bb2 Bh3 14.Nxd4 Bxg2 15.Kxg2 exd4
16.Ne4 Nxe4 17.dxe4 c5 18.bxc6 Qxc6 19.Qd3 f5 20.Bxd4 fxe4 21.Qc3 Bxd4 22.Qxd4 Ra4
23.Rfc1 b5 24.cxb5 Qxb5 25.Qd1 Rb4 26.Rxb4 Qxb4 27.Qd5+ Kh8 28.Rc4 Qb6 29.Qd4+ Qxd4
30.Rxd4 Rf6 31.Rxe4 h5 32.Re7 Kg8 33.f4 Kf8 34.Ra7 Ke8 35.e4 h4 36.Kf3 hxg3
37.hxg3 g5 38.f5 d5 39.Rg7 Ra6 40.exd5 Ra4 41.Rxg5  1-0

[Event "Lugano op"]
[Site "Lugano"]
[Date "1989.??.??"]
[Round "5"]
[White "Trauth, Michael"]
[Black "Anic, Darko"]
[Result "0-1"]
[WhiteElo "2275"]
[BlackElo "2375"]

1.Nf3 Nf6 2.c4 g6 3.g3 Bg7 4.Bg2 O-O 5.Nc3 d5 6.cxd5 Nxd5 7.O-O Nc6 8.Nxd5 Qxd5
9.d3 Nd4 10.Nxd4 Qxd4 11.Qc2 c6 12.Rb1 Be6 13.b4 Qc3 14.Qa4 Qe5 15.Bf3 a6
16.Bb2 Qd6 17.Bxg7 Kxg7 18.Qc2 Rfd8 19.a4 Bd5 20.Bg2 h5 21.Bxd5 cxd5 22.Rfc1 Rac8
23.Qb2+ d4 24.Rc4 Rxc4 25.dxc4 h4 26.c5 Qc6 27.Rd1 h3 28.f3 e5 29.Qc2 Rc8
30.Qe4 Qxe4 31.fxe4 a5 32.Rb1 axb4 33.Rxb4 Rxc5 34.Rxb7 Rc1+ 35.Kf2 Rh1 36.Kf3 Rxh2
37.Rb1 f5 38.exf5 gxf5 39.g4 fxg4+ 40.Kxg4 Rxe2 41.a5 h2 42.Kf5 d3 43.a6 Ra2  0-1

[Event "Lugano op"]
[Site "Lugano"]
[Date "1989.??.??"]
[Round "6"]
[White "Hoffmann, Hans"]
[Black "Reschke, Stefan"]
[Result "1-0"]
[WhiteElo "2300"]
[BlackElo "2330"]

1.c4 Nf6 2.Nf3 g6 3.g3 Bg7 4.Bg2 O-O 5.Nc3 d6 6.d4 Nbd7 7.O-O e5 8.e4 c6
9.h3 a5 10.Be3 exd4 11.Nxd4 Re8 12.Qc2 Nc5 13.Rad1 Nfd7 14.Nde2 a4 15.Rxd6 Qa5
16.Rdd1 Qb4 17.Bd4 Qxc4 18.Bxg7 Kxg7 19.Rd4 Qe6 20.Nxa4 Nxa4 21.Rxa4 Rxa4
22.Qxa4 Kg8 23.Nc3 Qe7 24.a3 Nc5 25.Qd4 Rd8 26.Qb4 Kf8 27.Rd1 Rd3 28.Rxd3 Nxd3
29.Qd4 Qd7 30.Qxd7 Bxd7 31.b4 Ne1 32.a4 Ke7 33.f4 f6 34.Bf1 Kd6 35.Kf2 Nc2
36.b5 Kc5 37.bxc6 Bxc6 38.Bb5 Kd4 39.Bxc6 bxc6 40.a5 Nb4 41.Kf3 Na6 42.Ne2+ Kc4
43.g4 Nb8 44.h4 h6 45.g5 hxg5 46.hxg5 fxg5 47.fxg5 Kb5 48.Nf4 Kxa5 49.Nxg6  1-0

[Event "Lugano op"]
[Site "Lugano"]
[Date "1989.??.??"]
[Round "9"]
[White "King, Daniel J"]
[Black "Rogers, Ian"]
[Result "1/2-1/2"]
[WhiteElo "2500"]
[BlackElo "2505"]

1.Nf3 Nf6 2.c4 g6 3.g3 Bg7 4.Bg2 O-O 5.O-O c6 6.d4 d6 7.Nc3 Qa5 8.d5 cxd5
9.cxd5 Bd7 10.Nd4 Rc8 11.Nb3 Qd8 12.Be3 Ng4 13.Bd4 Na6 14.Ne4 Bxd4 15.Nxd4 Qa5
16.a3 Rc4 17.e3 Nf6 18.Nd2 Rcc8 19.Qe2 Nc7 20.b4 Qa4 21.e4 Nb5 22.N2b3 Rc3
23.Qb2 Rac8 24.Rfd1 Ng4 25.Bf1 R3c7 26.Kg2 h5 27.Rd2 Be8 28.h3 Nxd4 29.Nxd4 Ne5
30.Re1 a5 31.bxa5 Qxa5 32.Re3 Ba4 33.Nf3 Nd7 34.g4 Nf6 35.g5 Nd7 36.Nd4 Ne5
37.Nf3 Bc2 38.Rd4 Nxf3 39.Rxf3 Ba4 40.Rb4 Rc2 41.Qd4 b5 42.e5 dxe5 43.Qxe5 Qc7
44.Qxc7 R2xc7 45.Bxb5 Bxb5 46.Rxb5 Ra8 47.Rd3 Rca7 48.Rbb3 Kf8 49.f4 Ra4
50.Kf3 R8a7 51.Ke3 Ra8 52.Rdc3 Ke8 53.Kf3  1/2-1/2

[Event "Marianske Lazne op"]
[Site "Marianske Lazne"]
[Date "1989.??.??"]
[Round "4"]
[White "Zolnierowicz, Krzysztof"]
[Black "Ac, Michal"]
[Result "1/2-1/2"]
[WhiteElo "2405"]
[BlackElo "2220"]

1.Nf3 Nf6 2.c4 g6 3.g3 Bg7 4.Bg2 O-O 5.O-O d6 6.d4 Nbd7 7.Nc3 e5 8.Qc2 c6
9.Rd1 Qc7 10.b3 Re8 11.e4 a5 12.Bb2 exd4 13.Nxd4 Nc5 14.h3 Bd7 15.a3 Qb6
16.Rab1 Re7 17.Na4 Nxa4 18.bxa4 Qc7 19.c5 d5 20.exd5 Nxd5 21.Qc4 Rae8 22.Kh2 h5
23.h4 Bg4 24.Rd2 Ne3 25.Qb3 Bc8 26.Nc2 Ng4+ 27.Kg1 Be6 28.Qb6 Qxb6 29.cxb6 Ba2
30.Ra1 Bh6 31.f4 Bb3 32.Bd4 Rd7 33.Ne1 Red8 34.Nf3 Bxa4 35.Re1 Bf8 36.Bc3 Bc5+
37.Kh1 Nf2+ 38.Kh2 Ng4+ 39.Kh1 Rxd2 40.Bxd2 Nf2+ 41.Kh2 Ng4+ 42.Kh1 Bxb6
43.Rb1 Bc5 44.Rxb7 Bxa3 45.Bxa5 Rd1+ 46.Ne1 Rc1 47.Bd2 Rc5 48.Rb8+ Kg7 49.Ra8 Rc4
50.Bf1 Re4 51.Bg2 Rc4 52.Bf1 Re4 53.Bg2 Rc4  1/2-1/2

[Event "Marianske Lazne op"]
[Site "Marianske Lazne"]
[Date "1989.??.??"]
[Round "9"]
[White "Jurek, Josef"]
[Black "Mrva, Martin"]
[Result "0-1"]
[WhiteElo "2355"]
[BlackElo "2315"]

1.Nf3 Nf6 2.c4 g6 3.g3 Bg7 4.Bg2 O-O 5.d4 c5 6.O-O d6 7.Nbd2 Nfd7 8.d5 Na6
9.e4 Rb8 10.Rb1 Nc7 11.Qc2 b5 12.b3 Nb6 13.Bb2 Bxb2 14.Qxb2 bxc4 15.bxc4 Ba6
16.Qc3 e5 17.dxe6 fxe6 18.e5 d5 19.Rbd1 Qe7 20.Rfe1 Bxc4 21.Qa5 a6 22.Rc1 Bb5
23.Qa3 Nc4 24.Nxc4 Bxc4 25.Nd2 Nb5 26.Qa5 Bd3 27.a4 Nd4 28.Rxc5 Rb5 29.Rxb5 axb5
30.Qb6 Qb4 31.Ra1 Qb2 32.Rd1 Qc2 33.Ra1 Ne2+ 34.Kh1 Qxd2 35.Qxe6+ Kg7 36.Bxd5 Qb4
37.axb5 Qe4+ 38.f3 Rxf3 39.Qg8+ Kh6 40.Bxe4 Bxe4  0-1

[Event "Mendrisio op"]
[Site "Mendrisio"]
[Date "1989.??.??"]
[Round "4"]
[White "Pigusov, Evgeny"]
[Black "Schaufelberger, Heinz"]
[Result "1-0"]
[WhiteElo "2560"]
[BlackElo "2305"]

1.Nf3 Nf6 2.c4 g6 3.g3 Bg7 4.Bg2 O-O 5.O-O c6 6.d4 d6 7.Nc3 Bf5 8.Qb3 Qb6
9.Re1 Na6 10.Qxb6 axb6 11.e4 Bg4 12.Be3 Nb4 13.Rec1 Nd7 14.Ne1 c5 15.d5 Ne5
16.h3 Bd7 17.Bf1 f5 18.a3 Na6 19.exf5 Bxf5 20.f4 Nf7 21.Nf3 Nc7 22.Ra2 Bd7
23.b3 Rfe8 24.Bf2 e6 25.dxe6 Rxe6 26.a4 Bc6 27.Bg2 Rae8 28.Rd2 Na6 29.Nd5 Bxd5
30.cxd5 Re2 31.Kf1 Rxd2 32.Nxd2 Nb4 33.Nc4 Nd3 34.Rd1 Nb2 35.Re1 Rxe1+ 36.Bxe1 Nxc4
37.bxc4 g5 38.Bf3 gxf4 39.gxf4 Bd4 40.Ke2 Kg7 41.Bg4 Bf6 42.Kf3 Nh8 43.Ke4 Kg6
44.Bc8 Kg7 45.Bxb7 Ng6 46.Bc8 Nh4 47.Bd2 h5 48.Bf5 Bd8 49.Bg6 Kxg6 50.f5+ Kg7
51.Bf4 Be7 52.Bg3 Kh6 53.f6  1-0

[Event "SVK-ch"]
[Site "Michalovce"]
[Date "1989.??.??"]
[Round "4"]
[White "Kolesar, Milan"]
[Black "Mrva, Martin"]
[Result "1-0"]
[WhiteElo "2355"]
[BlackElo "2315"]

1.c4 Nf6 2.Nf3 g6 3.g3 Bg7 4.Bg2 O-O 5.d4 c5 6.O-O d6 7.Nc3 Nfd7 8.Be3 Nc6
9.b3 Rb8 10.Qd2 a6 11.Rad1 Qa5 12.Nd5 Qxd2 13.Rxd2 b5 14.cxb5 Rxb5 15.dxc5 Nxc5
16.Nd4 Bxd4 17.Bxd4 Bd7 18.Rc1 Nxd4 19.Nxe7+ Kg7 20.Rxd4 Re8 21.Nd5 Rxe2
22.Nc3 Rb2 23.Nxb5 Bxb5 24.Ra1 a5 25.Rxd6 a4 26.Rd5 axb3 27.Rxc5 bxa2 28.Rxb5 Rxb5
29.Rxa2 Rb1+ 30.Bf1 g5 31.Ra7 h6 32.Kg2 Rb4 33.h3 Rd4 34.Be2 Re4 35.Bh5  1-0

[Event "SVK-ch"]
[Site "Michalovce"]
[Date "1989.??.??"]
[Round "9"]
[White "Kolesar, Milan"]
[Black "Ac, Michal"]
[Result "1/2-1/2"]
[WhiteElo "2355"]
[BlackElo "2220"]

1.c4 Nf6 2.Nf3 g6 3.g3 Bg7 4.Bg2 O-O 5.d4 d6 6.O-O Nbd7 7.Qc2 e5 8.Rd1 Qe7
9.Nc3 c6 10.e4 Re8 11.b3 exd4 12.Nxd4 Nc5 13.f3 a5 14.Be3 Bd7 15.Nde2 Na6
16.Rac1 d5 17.cxd5 Nxd5 18.Nxd5 cxd5 19.Rxd5 Nb4 20.Bc5 Nxc2 21.Bxe7 Bc6
22.Rd8 Rexd8 23.Bxd8 Nb4 24.Be7 Nxa2 25.Rc2 Nb4 26.Rd2 Be8 27.f4 Nc6 28.Bc5 Bf8
29.Bxf8 Kxf8 30.e5 Rc8 31.Rd5 b6 32.Rd6 b5 33.Rd3 Nb4 34.Rd4 Rc2 35.Bf3 Rb2
36.Nc1 Rb1 37.Rd1 Bc6 38.Bxc6 Nxc6 39.Kf2 Rb2+ 40.Ke3 Rxh2 41.Rd5 Rc2 42.Ne2 a4
43.bxa4 bxa4 44.Rd3 Rb2 45.Ra3 Rb3+ 46.Rxb3 axb3 47.Kd3 g5 48.fxg5 Ke7 49.Nf4 Nxe5+
50.Kc3 Ng6 51.Ne2 Ke6 52.Kxb3 Ke5 53.Kc3 Ke4 54.Kd2 Kf3 55.Kd3 Kf2 56.Nc3 Kxg3
57.Ke3 Kg4 58.Ne4 Nf8 59.Nd6 Kxg5 60.Nxf7+ Kf6 61.Nd6  1/2-1/2

[Event "SVK-ch"]
[Site "Michalovce"]
[Date "1989.??.??"]
[Round "11"]
[White "Kolesar, Milan"]
[Black "Klemanic, Emil"]
[Result "1-0"]
[WhiteElo "2355"]
[BlackElo "2225"]

1.c4 Nf6 2.Nf3 g6 3.g3 Bg7 4.Bg2 O-O 5.d4 d6 6.O-O c6 7.Nc3 Qa5 8.h3 Qa6
9.b3 d5 10.cxd5 Nxd5 11.Nxd5 cxd5 12.Ne5 Nc6 13.f4 Qb6 14.e3 Bf5 15.Ba3 Nxe5
16.fxe5 Qe6 17.g4 Be4 18.Bxe4 dxe4 19.Qc2 f6 20.exf6 Rxf6 21.Qc4 Qxc4 22.bxc4 Rc8
23.Bxe7 Rf7 24.Rxf7 Kxf7 25.Bc5 b6 26.Rf1+ Kg8 27.Be7 Rxc4 28.Rf4 Rc1+ 29.Kg2 Rc2+
30.Kg3 Rxa2 31.Rxe4 Rd2 32.Bd6 Bf6 33.Re8+ Kf7 34.Rb8 Ke6 35.Bf8 h5 36.Kf4 h4
37.Rb7 Bxd4 38.exd4 Rf2+ 39.Kg5 Rxf8 40.Rxa7 Kd5 41.Kxh4 Kxd4 42.Kg5 Rg8
43.Rb7 Kc5 44.Rc7+ Kd4 45.Rb7 Kc5 46.Rh7 b5 47.Kf6 g5 48.Rh5 b4 49.h4 b3
50.hxg5 Rf8+ 51.Ke7 b2 52.g6+ Kc4 53.Rh1 Rf4 54.Rg1 Re4+ 55.Kf6  1-0

[Event "New York op"]
[Site "New York"]
[Date "1989.??.??"]
[Round "1"]
[White "Saidy, Anthony Fred"]
[Black "Dzindzichashvili, Roman"]
[Result "0-1"]
[WhiteElo "2405"]
[BlackElo "2540"]

1.Nf3 g6 2.c4 Bg7 3.g3 Nf6 4.Bg2 O-O 5.O-O d6 6.d4 c6 7.Nc3 Qa5 8.h3 Be6
9.d5 cxd5 10.Nd4 Bd7 11.cxd5 Rc8 12.Be3 Na6 13.Nb3 Qd8 14.Qd2 Be8 15.Bd4 Nd7
16.Bxg7 Kxg7 17.Rac1 Qb6 18.Ne4 Ne5 19.Qd4 Qxd4 20.Nxd4 Nb4 21.a3 Na6 22.f4 Nc4
23.Rf3 Nxb2 24.Rxc8 Rxc8 25.Rb3 Rc1+ 26.Kh2 Na4 27.Rxb7 Rc7 28.Rxc7 Nxc7
29.g4 Bd7 30.Ng3 Nc3 31.e4 Nb1 32.e5 Nxa3 33.exd6 exd6 34.Ne4 Nab5 35.Nxb5 Nxb5
36.Bf1 a5 37.Bxb5 Bxb5 38.Nxd6 Ba6 39.Ne8+ Kf8 40.Nc7 Bc4 41.d6 a4 42.f5 gxf5
43.gxf5 f6 44.Ne6+ Bxe6  0-1

[Event "Kotov mem"]
[Site "Odessa"]
[Date "1989.??.??"]
[Round "?"]
[White "Szekely, Peter"]
[Black "Kaminski, Uwe"]
[Result "1/2-1/2"]
[WhiteElo "2405"]
[BlackElo "2405"]

1.Nf3 Nf6 2.c4 g6 3.g3 Bg7 4.Bg2 O-O 5.d4 c6 6.Nc3 d5 7.cxd5 cxd5 8.Ne5 e6
9.O-O Nfd7 10.Nf3 Nf6 11.Ne5 Nfd7 12.Nf3  1/2-1/2

[Event "Kotov mem"]
[Site "Odessa"]
[Date "1989.??.??"]
[Round "?"]
[White "Szekely, Peter"]
[Black "Neverov, Valeriy"]
[Result "1/2-1/2"]
[WhiteElo "2405"]
[BlackElo "2475"]

1.Nf3 Nf6 2.c4 g6 3.g3 Bg7 4.Bg2 O-O 5.d4 c6 6.Ne5 d5 7.cxd5 cxd5 8.Nc3 e6
9.O-O Nfd7 10.Nf3 Nc6 11.b3 Nf6 12.e3 Bd7  1/2-1/2

[Event "Thaelmann mem"]
[Site "Ost-Berlin"]
[Date "1989.??.??"]
[Round "?"]
[White "Bagirov, Vladimir"]
[Black "Chekhov, Valery A"]
[Result "1/2-1/2"]
[WhiteElo "2460"]
[BlackElo "2480"]

1.Nf3 Nf6 2.c4 g6 3.g3 Bg7 4.Bg2 O-O 5.d4 d6 6.O-O Nc6 7.Nc3 a6 8.d5 Na5
9.Nd2 Nd7 10.Qc2 Ne5 11.b3 c6 12.Bb2 b5 13.dxc6 Naxc6 14.cxb5 axb5 15.Nxb5 Nb4
16.Qe4 Rxa2 17.Qxb4 Rxb2 18.Nd4 Nd7 19.Qc3 Bxd4 20.Qxd4 Rc2 21.Qd3 Rc7 22.b4 Bb7
23.Rfb1 Bxg2 24.Kxg2 Qb8 25.b5 Rfc8 26.Ra3 Rb7 27.Nf3 Nc5 28.Qe3 e5 29.Qd2 Rb6
30.Ra5 Qb7 31.Qa2 Qd7 32.Ra7 Qe6 33.Qxe6 Nxe6 34.h4 h6 35.Rd1 Rc2 36.Rd2 Rxd2
37.Nxd2 Rxb5 38.Ne4 Rb6 39.Rd7 Nc5 40.Rxd6 Rxd6  1/2-1/2

[Event "Paris op-1"]
[Site "Paris"]
[Date "1989.??.??"]
[Round "?"]
[White "Bibikoff, M."]
[Black "Chabanon, Jean Luc"]
[Result "0-1"]
[WhiteElo "1950"]
[BlackElo "2245"]

1.Nf3 Nf6 2.c4 g6 3.g3 Bg7 4.Bg2 O-O 5.O-O c5 6.d4 d6 7.Nc3 Nc6 8.dxc5 dxc5
9.Be3 Be6 10.Qa4 Nd4 11.Bxd4 cxd4 12.Rad1 Bd7 13.Rxd4 Bxa4 14.Rxd8 Rfxd8
15.Nxa4 Rac8 16.b3 Ne4  0-1

[Event "Paris AECE"]
[Site "Paris"]
[Date "1989.??.??"]
[Round "3"]
[White "Abravanel, Chely"]
[Black "Bernard, Christophe"]
[Result "1/2-1/2"]
[WhiteElo "2270"]
[BlackElo "2265"]

1.g3 g6 2.Bg2 Bg7 3.Nf3 Nf6 4.c4 O-O 5.O-O d6 6.d4 Nbd7 7.Nc3 e5 8.dxe5 dxe5
9.Qc2 c6 10.Rd1 Re8 11.e3 Qc7 12.b3 Nc5 13.b4 Bf5 14.Qe2 e4 15.bxc5 exf3
16.Bxf3 Ne4 17.Nxe4 Bxe4 18.Rd4 Bxd4 19.exd4 f5 20.Bf4 Qf7 21.Rc1 Rad8 22.Be5 Bxf3
23.Qxf3 Rd7 24.a4 f4 25.Qxf4 Qxf4 26.gxf4 Kf7 27.Kg2 Ke6 28.Kf3 Kf5 29.Rb1 h6
30.h4 Re6 31.Ke3 a5 32.f3 Ree7 33.Rg1 Re8 34.Rb1 Ree7  1/2-1/2

[Event "Paris-ch"]
[Site "Paris"]
[Date "1989.??.??"]
[Round "5"]
[White "Gutman, Lev"]
[Black "Spraggett, Kevin"]
[Result "1/2-1/2"]
[WhiteElo "2535"]
[BlackElo "2575"]

1.Nf3 Nf6 2.g3 g6 3.Bg2 Bg7 4.c4 O-O 5.d4 d6 6.O-O Nbd7 7.Nc3 e5 8.e4 exd4
9.Nxd4 Re8 10.h3 Nc5 11.Re1 a5 12.Qc2 c6 13.Be3 a4 14.Rab1 Nfd7 15.b4 axb3
16.axb3 Na6 17.Na2 h5 18.b4 Nf6 19.b5 Nb8 20.bxc6 Nxc6 21.Nxc6 bxc6 22.Nb4 Bd7
23.c5 dxc5 24.Bxc5 Qc8 25.Kh2 h4 26.Bd6 hxg3+ 27.fxg3 Ra5 28.e5 Nd5 29.Nxd5 cxd5
30.Qd2 Qa8 31.Rb2 Be6 32.h4 Ra1 33.Rxa1 Qxa1 34.Ra2 Qb1 35.Bxd5 Qf5 36.Bxe6 Rxe6
37.Qf4 Bxe5 38.Qxf5 gxf5 39.Bxe5 Rxe5 40.Kg2 Kg7  1/2-1/2

[Event "Podolsk GMA-qual"]
[Site "Podolsk"]
[Date "1989.??.??"]
[Round "?"]
[White "Sorokin, Maxim"]
[Black "Frolov, Artur"]
[Result "1-0"]
[WhiteElo "2420"]
[BlackElo "2460"]

1.Nf3 Nf6 2.c4 g6 3.g3 Bg7 4.Bg2 O-O 5.O-O d6 6.Nc3 Nbd7 7.Rb1 a5 8.a3 c6
9.d3 d5 10.cxd5 Nxd5 11.Nxd5 cxd5 12.Be3 a4 13.Qd2 Qa5 14.Rfc1 e6 15.Qxa5 Rxa5
16.Bd2 Ra8 17.Bc3 b6 18.Bf1 Ba6 19.Bxg7 Kxg7 20.Rc7 Nc5 21.Rc1 Rfc8 22.Rxc8 Rxc8
23.d4 Ne4 24.Rxc8 Bxc8 25.e3 Bd7 26.Bd3 Nd6 27.Nd2 Bb5 28.Bc2 Kf6 29.f4 Ke7
30.Kf2 f5 31.h3 h5 32.Ke1 Kd8 33.Nf3 Kc7 34.Ne5 Be8 35.Bd3 b5 36.Kd2 Kb6
37.Nf3 Nf7 38.Kc3 Ka5 39.Bc2 Nd6 40.Bd3 Nf7 41.Be2 Nd6 42.Ng5 Bd7 43.Bd3 Nc8
44.Nf7 Ne7 45.Be2 Nc8 46.Bf1 Kb6 47.Kd2 Kc7 48.Ne5 Be8 49.Nd3 Nd6 50.Nc5 Ne4+
51.Nxe4 dxe4 52.Kc3 Bd7 53.Be2 Be8 54.Kb4 Kb6 55.Bd1 Bf7 56.b3 axb3 57.Bxb3 Bg8
58.a4 bxa4 59.Bxa4 Bf7 60.Bb5 Kc7 61.Kc5 Bg8 62.Be8 Bh7  1-0

[Event "Podolsk GMA-qual"]
[Site "Podolsk"]
[Date "1989.??.??"]
[Round "?"]
[White "Yurtaev, Leonid"]
[Black "Belov, Igor"]
[Result "1-0"]
[WhiteElo "2505"]
[BlackElo "2435"]

1.Nf3 Nf6 2.g3 g6 3.Bg2 Bg7 4.c4 O-O 5.O-O d5 6.cxd5 Nxd5 7.d4 Nb6 8.Nc3 Nc6
9.d5 Na5 10.e4 c6 11.Re1 Nac4 12.Qe2 Bg4 13.dxc6 bxc6 14.h3 Bxf3 15.Bxf3 a5
16.Bg5 Qd6 17.Qc2 Qc5 18.h4 h6 19.Bf4 Nxb2 20.Rac1 N2c4 21.Na4 Qa3 22.Nxb6 Nxb6
23.Re3 Qa4 24.Qxa4 Nxa4 25.e5 Rfd8 26.Bxc6 Rac8 27.Rb3 g5 28.hxg5 hxg5 29.Bxg5 Bxe5
30.Bxe7 Rd2 31.Rb5 Nc3 32.Rxe5 Ne2+ 33.Kg2 Nxc1 34.Rg5+ Kh7 35.Be4+ Kh6 36.Rg4 Rcc2
37.Bf8+ Kh5 38.Rh4+ Kg5 39.Be7+ f6 40.Rf4 Rxf2+ 41.Rxf2 Rxf2+ 42.Kxf2 Nxa2
43.Kf3  1-0

[Event "Podolsk GMA-qual"]
[Site "Podolsk"]
[Date "1989.??.??"]
[Round "?"]
[White "Sturua, Zurab"]
[Black "Epishin, Vladimir"]
[Result "1/2-1/2"]
[WhiteElo "2465"]
[BlackElo "2460"]

1.Nf3 Nf6 2.c4 g6 3.g3 Bg7 4.Bg2 O-O 5.O-O d6 6.d4 Nc6 7.Nc3 Bf5 8.b3 Qc8
9.Bb2 Bh3 10.d5 Bxg2 11.Kxg2 Nb8 12.Re1 c6 13.e4 Nbd7 14.h3 a6 15.Qe2 Re8
16.Red1 Qb8 17.dxc6 bxc6 18.Na4 e5 19.Qd3 d5 20.cxd5 cxd5 21.Nd2 Qb5 22.Qf3 d4
23.Nc4 Re6  1/2-1/2

[Event "Bohemians-B"]
[Site "Prague"]
[Date "1989.??.??"]
[Round "?"]
[White "Znamenacek, Kvetoslav"]
[Black "Kopicka, K."]
[Result "1/2-1/2"]
[WhiteElo "2305"]
[BlackElo "2220"]

1.Nf3 Nf6 2.c4 g6 3.g3 Bg7 4.Bg2 O-O 5.O-O d6 6.d4 Nc6 7.Nc3 Bf5 8.d5 Na5
9.Nd2 c6 10.e4 Bg4 11.Qe1 Rc8 12.h3 Bd7 13.dxc6 bxc6 14.Qe2 c5 15.Nf3 Be6
16.Nd5 Rb8 17.Rd1 Qd7 18.Ng5 Bxd5 19.exd5 Rb4 20.Bf1 Rfb8 21.Qc2 Qa4 22.b3 Rxb3
23.axb3 Qxa1 24.Bb2 Qa2 25.Ra1 Qxb3 26.Qxb3 Nxb3 27.Rxa7 Nd2 28.Bc3 Nxf1
29.Kxf1 h6 30.Nf3 Kf8 31.Ke2 Ne8 32.Bxg7+ Nxg7 33.g4 Ne8 34.Nd2 f5 35.gxf5 gxf5
36.Ke3 Kf7 37.h4 Kf6 38.Ra1 Ng7 39.Ra7 Rg8 40.Ra1 Nh5 41.f3 Ke5 42.Ra7 Re8
43.Nb3 Nf4 44.Kf2 Kf6 45.Ra6 Kf7 46.Kg3 Nd3 47.Ra2 Rg8+ 48.Kh2 Kf6 49.Re2 Nf4
50.Rd2 Rb8 51.Na5 Rb4 52.Rc2 Ng6 53.Nc6 Rb3 54.Kg3 f4+ 55.Kg4 Rb1 56.Re2 Rg1+
57.Kh5 Rg3 58.Re6+ Kf7 59.Kxh6 Nxh4 60.Rxe7+ Kf8 61.Re4  1/2-1/2

[Event "Bohemians-B"]
[Site "Prague"]
[Date "1989.??.??"]
[Round "?"]
[White "Konopka, Michal"]
[Black "Wach, Markus"]
[Result "1/2-1/2"]
[WhiteElo "2405"]
[BlackElo "2235"]

1.Nf3 Nf6 2.c4 g6 3.g3 Bg7 4.Bg2 O-O 5.d4 d6 6.O-O Nc6 7.Nc3 a6 8.Nd5 Nxd5
9.cxd5 Nb8 10.Bg5 h6 11.Bf4 c6 12.dxc6 Nxc6 13.Qd2 Kh7 14.Rac1 e5 15.Be3 e4
16.Ne1 d5 17.f3 f5 18.Nc2 Be6 19.Nb4 Ne7 20.a3 Qd7 21.Rfd1 Rfc8 22.Na2 a5
23.Bf1 Nc6 24.Bf2 a4 25.f4 Na5 26.Rxc8 Qxc8 27.e3 Nc4 28.Qc2  1/2-1/2